000 00402cam a22001337a 4500
008 180718b1992 xxu||||| |||| 00| 0 eng d
082 _aAPPPA 91-92 AUJ
100 _aAujla, G.S.
245 _aValue and role ambivalence in society and police
_cby G.S. Aujla
260 _aNew Delhi
_bIndian Institute of Public Administration
_c1992
300 _a147p.
650 _aPolice
650 _aRole Ambivalence
999 _c501592
_d501592